| 000 | 00348nam a22001337a 4500 | ||
|---|---|---|---|
| 020 | _a0-333-39662-6 | ||
| 082 | _a621.38152 WIL'P | ||
| 100 |
_aWILLIAMS, B. W _965754 |
||
| 245 | _aPOWER ELECTRONICS, DEVICES DRIVERS AND APPLICATION | ||
| 260 |
_aLONDON _bMACMILLAN _c1987 |
||
| 300 | _a337P | ||
| 650 |
_aPOWER SEMICONDUCTORS _965755 |
||
| 942 | _cBK | ||
| 999 |
_c573874 _d573874 |
||